Viaje a México (notice nᵒ 11644)
[ vue normale ]
| 000 -Sello discográfico | |
|---|---|
| campo de control de longitud fija | 00925nam a2200313 4500 |
| 005 - Identificación de versión | |
| campo de control | 20251017062904.0 |
| 035 ## - Otros números de control del sistema | |
| Número de control del sistema | 2601 |
| 099 ## - fechas locales | |
| Tipo de ítem Koha | LIBRO |
| 100 ## - Datos de procesamiento general | |
| Datos de procesamiento general | 20040917d1940 m y1spay5003 ba |
| 101 1# - Idioma del recurso | |
| Idioma del texto, banda sonora, etc. | Español; Castellano |
| Idioma de la obra original | Francés |
| 105 ## - Campo de datos codificados: Material textual, monográfico | |
| Datos codificados de monografía | y 001zy |
| 200 1# - Título y mención de responsabilidad | |
| Título propio | Viaje a México |
| Designación general del material | texto impreso |
| Primer mención de responsabilidad | Paul Morand |
| Declaración de responsabilidad subsiguiente | traducción y prólogo Xavier Villaurrutia |
| 210 ## - Publicación, distribución, etc. | |
| Lugar de publicación, distribución, etc. | México |
| Nombre del editor, distribuidor, etc. | Editorial Cvltvra |
| Fecha de publicación, distribución, etc. | 1940 |
| 215 ## - Descripción física | |
| Designación de material específico y extensión del ítem | 105 p |
| Dimensiones | 18 cm |
| 345 ## - Nota de información de adquisición | |
| Fuente de adquisición/dirección de la suscripción [OBSOLETO] | Donación |
| 410 #1 - Series | |
| Título | Nueva "Cultura" |
| Número de volumen | Tomo I, Núm. 3 |
| 606 ## - Término temático usado como materia | |
| Elemento de entrada | Visitantes extranjeros |
| Subdivisión geográfica | México |
| Número Koha | 18310 |
| 607 ## - Nombre geográfico utilizado como tema | |
| Elemento de entrada | México |
| Subdivisión temática | Descripción y viajes |
| Número Koha | 1948 |
| 660 ## - Código de área geográfica | |
| Código | MX |
| 676 ## - Clasificación Decimal Dewey | |
| Número | 910 M82v |
| 700 ## - Nombre personal - Responsabilidad primaria | |
| Elemento de entrada | Morand |
| Parte del nombre distinta del elemento de entrada | Paul |
| Fechas | 1888-1976 |
| Número Koha | 18311 |
| 702 ## - Nombre personal - Responsabilidad secundaria | |
| Elemento de entrada | Villaurrutia y González |
| Parte del nombre distinta del elemento de entrada | Xavier |
| Fechas | 1903-1950 |
| Número Koha | 1772 |
| 801 #0 - Fuente de origen | |
| Agencia | cm |
| 900 ## - | |
| -- | 1/7945 |
| 900 ## - | |
| -- | 7100419710\170904 |
| 942 ## - ELEMENTOS DE ENTRADA SECUNDARIOS (KOHA) | |
| Tipo de ítem Koha | Livre |
Pas d'exemplaire disponible.